000 00708 a2200205 4500
001 64023
005 20260521160829.0
008 260521a1967 arg spa d
003 AR-UNSa-BCEJYS
040 _aAR-UNSa-BCEJYS
_bspa
_cAR-UNSa-BCEJYS
080 _a658.012.4
_xGestión. Dirección. Autoridad. Técnicas y métodos de gestión (gestión del conocimiento, Outsourcing, Benchmarking...)
245 1 0 _aManual de alta dirección
_p(Top management handbook)
264 1 _aBarcelona :
_bReverté
_c1967
300 _axv, 1357 p.
_c22 cm.
505 _aPrimera Parte: La función de dirigir -
041 _aspa
942 _cBK
590 _aniveau_biblio:m niveau_hierar:0
100 1 _aMaynard, H.B.
999 _c36500
_d36500